000 00598nam a2200229Ia 4500
003 OSt
005 20220924134548.0
006 a|||||r|||| 00| 0
007 ta
008 220923b |||||||| |||| 00| 0 tam d
024 _a277444
037 _cTextual
040 _aARTS
_cARTS
_btam
041 _2tam
_atam
082 _aO142,3N05x, 31L2
100 _aSoma Sundaram Tr.
_9208706
245 0 _aSholokhov Kathaigal
260 _c1972
650 _aRUSSIAN LITERATURE
_915056
942 _hO142,3N05x, 31L2
_cTEXL
_2CC
999 _c437815
_d437815